| 000 | 00503nam a2200169Ia 4500 | ||
|---|---|---|---|
| 008 | 090201s9999 xx 000 0 und d | ||
| 010 | _aKPL-34684 | ||
| 040 | _bमराठी | ||
| 041 | _aमराठी | ||
| 082 |
_a16417 _b34684 |
||
| 100 | _aबियन चव्हाण | ||
| 245 |
_aबडाफास्ट _cबियन चव्हाण |
||
| 260 |
_c2004 _bसरस प्रकाशन |
||
| 300 |
_a207 _bमोठा |
||
| 600 | _aबडाफास्ट | ||
| 942 | _cBOOK | ||
| 999 |
_c216442 _d216442 |
||